Κοινωνικό κεφάλαιο, αστικός χώρος και επιχειρήσεις των μεταναστών στο κέντρο της Αθήνας : πτυχιακή εργασία

Αποθηκεύτηκε σε:
Λεπτομέρειες βιβλιογραφικής εγγραφής
Κύριος συγγραφέας: Κολιός, Νικόλαος
Συγγραφή απο Οργανισμό/Αρχή: Πανεπιστήμιο Αιγαίου. Σχολή Κοινωνικών Επιστημών. Τμήμα Γεωγραφίας
Άλλοι συγγραφείς: Λαφαζάνη, Δώρα (Εισηγητής διατριβής)
Μορφή: Thesis Βιβλίο
Γλώσσα:Greek
Δημοσίευση: Μυτιλήνη : Πανεπιστήμιο Αιγαίου, Τμήμα Γεωγραφίας, 2003
Θέματα:
Ετικέτες: Προσθήκη ετικέτας
Δεν υπάρχουν, Καταχωρήστε ετικέτα πρώτοι!

MARC

LEADER 00000cam a2200000 i 4500
001 1/89803
008 051123s2003 gre d
035 |l 10081417 
040 |a GR-MY-UA  |b gre  |e aacr 
041 0 |a gre 
082 0 |a 331.62  |2 (22) 
100 1 |a Κολιός, Νικόλαος. 
245 1 0 |a Κοινωνικό κεφάλαιο, αστικός χώρος και επιχειρήσεις των μεταναστών στο κέντρο της Αθήνας :  |b πτυχιακή εργασία /  |c Νικόλαος Κολιός ; υπεύθυνη καθηγήτρια Δώρα Λαφαζάνη 
260 |a Μυτιλήνη :   |b Πανεπιστήμιο Αιγαίου, Τμήμα Γεωγραφίας,   |c 2003 
300 |a 142 σ.;  |b φωτ., χαρτ.;  |c 30 εκ. 
500 |a Μέλη εξεταστικής επιτροπής: Μπριασσούλη Ελένη, Ιωσηφίδης Θεόδωρος, Τσάμπρα Μαρία 
502 |a Πτυχιακή εργασία – Πανεπιστήμιο Αιγαίου, Λέσβος, 2003. 
504 |a Βιβλιογραφία: σ. 85-89 
650 0 |a Business enterprises  |x Location  |z Greece  |z Athens. 
650 0 0 |a Business enterprises  |z Greece  |z Athens. 
650 0 0 |a Minority business enterprises  |z Greece  |z Athens. 
650 0 0 |a Dissertations, Academic  |z Greece. 
650 0 |a Immigrants  |z Greece  |z Athens  |x Social conditions. 
700 1 |a Λαφαζάνη, Δώρα.  |4 ths 
710 2 |a Πανεπιστήμιο Αιγαίου.   |b Σχολή Κοινωνικών Επιστημών.   |b Τμήμα Γεωγραφίας. 
852 |a INST  |b LESVOS  |c DIATR  |e 20051123  |h 207  |p 005100033077  |q 005100033077  |t DIE  |y 23 
852 |a INST  |b LESVOS  |c DIATR  |e 20051123  |h 208  |p 005100033078  |q 005100033078  |t DIE  |y 23 
901 |a BIBL1-2005-3 
909 |a Λ  |b 107113 
909 |a Λ  |b 107134 
924 |a ΚΟΛΙΟΣ  |b ΝΙΚΟΛΑΟΣ  |y ΛΕΣΒΟΣ  |z 2003-11 
970 |a ΜΑΡΙΝΑΤΟΥ  |b ΜΥΡΣΙΝΗ  |z 2005/11/23